000 01464nam a2200229Ia 4500
999 _c51634
_d51634
001 18625
003 GE_BSU
005 20220920091452.0
008 181216s2013||||ge |||||||||||||| ||geo||
040 _cGE_BSU
041 _ageo
080 _a004 თ-97
100 _aთხილაიშვილი, რიმა
_911491
245 _aკომუნიკაციური სისტემების ოპტიმატიზაცია ინფორმაციის შეკუმშვა - გაფართოების დროს : დისერტაცია /
_cრიმა თხილაიშვილი; სამეცნიერო ხელმძღვანელი იბრაიმ დიდმანიძე;ბათუმის შოთა რუსთაველის სახ-ფო უნ-ტი.
264 _aბათუმი,
_c2013.
300 _a134 გვ.
_b30 სმ.
653 _aდისერტაცია
653 _aკომუნიკაციური სისტემების ოპტიმატიზაცია ინფორმაციის შეკუმშვა-გაფართოების დროს
653 _aსაინფორმაციო ტექნოლოგიები
700 _aდიდმანიძე, იბრაიმ
_eსამეცნიერო ხელმძღვანელი
_91168
942 _cBK
_2udc